000 00585nam a22001697a 4500
999 _c60499
_d60499
005 20230808115832.0
008 230808s1979 fr ||||| |||| 00| 0 fre d
041 _afre
080 _a739.1(479.22) S-20
100 _aSanIKIDZE, T.
_919634
245 _aORFÈVRERIE GÉORGIENNE DU VII AU XIX SIÈCLE /
_cT. SanIKIDZE, & G. ABRAMISHVILI.
264 _aGeneve,
_c1979.
300 _a75 p. :
_bill.;
_c24 cm.
653 _aქართული ვერცხლი VII-XIX საუკუნემდე
700 _aABRAMISHVILI, G.
_eავტორი
_919635
942 _2udc
_cBK